000 00820 a2200205 4500
999 _c5368
_d5368
020 _a9780230252653 (alk. paper)
050 0 0 _aBF1071 GRE 2011
100 1 _aGreen, Simon
_eauthor
245 1 0 _aBiological rhythms, sleep, and hypnosis /
_cSimon Green.
264 _aHampshire :
_bPalgrave Macmillan,
_c2011.
300 _aviii, 185 p. :
_bill. ;
500 _aIncludes bibliographical references (p. 167-180) and index.
504 _aIncludes bibliographical references (p. 167-180) and index.
650 0 _aSleep
_xPsychological aspects.
650 0 _aBiological rhythms.
650 0 _aHypnosis.
650 0 _aPsychobiology.
942 _2lcc
_cBK
_h1071
_iGRE
_kBF